Plantilla FC Barcelona 2025/2026 - Estadísticas

Estadísticas generales
  • Esta prueba ha sido intentada 19 veces
  • La puntuación promedio es 18 de 23
Estadísticas de respuestas
Posición Selección Número Respuesta % Correcto
Portero España 13 Joan Garcia
100%
Centrocampista España 6 Gavi
94%
Centrocampista España 8 Pedri
94%
Defensa Uruguay 4 Ronald Araújo
94%
Defensa Francia 23 Jules Koundé
89%
Delantero Inglaterra 14 Marcus Rashford
89%
Defensa España 5 Pau Cubarsí
89%
Delantero Brasil 11 Raphinha
89%
Delantero Polonia 9 Robert Lewandowski
89%
Defensa España 24 Eric Garcia
83%
Centrocampista Países Bajos 21 Frenkie De Jong
83%
Centrocampista España 20 Dani Olmo
78%
Delantero España 7 Ferran Torres
78%
Defensa Portugal 2 João Cancelo
78%
Delantero España 10 Lamine Yamal
78%
Centrocampista España 22 Marc Bernal
72%
Centrocampista España 17 Marc Casadó
72%
Portero Polonia 25 Wojciech Szczęsny
72%
Defensa Dinamarca 15 Andreas Christensen
67%
Defensa España 18 Gerard Martín
67%
Centrocampista España 16 Fermín López
61%
Delantero Suecia 19 Roony Bardghji
56%
Defensa España 3 Alejandro Balde
50%
No se encontraron pruebas coincidentes
Distribución de puntuación
Porcentaje de gente con cada puntuación
Porcentaje por número respondido
Historial de tus puntuaciones
No has intentado esta prueba.